000 00263nam a2200109Ia 4500
008 190216s9999||||xx |||||||||||||| ||und||
100 _aPadmanaban
245 0 _aMacharithamala
260 _bKairali Childrens Book Trust
650 _aJeeva Charithram
942 _cBK
999 _c25584
_d25584